Nhập môn toán cao cấp : Giáo trình cao đẳng sư phạm

Cung cấp một số kiến thức cần thiết cho việc học môn toán cao cấp như: tập hợp và logic, các cấu trúc đại số (nhóm, vành, trường), trường số phức và phân tích phân thức hữu tỷ trên trường số thực....

Volledige beschrijving

Bewaard in:
Bibliografische gegevens
Hoofdauteur: Hoàng, Xuân Sính
Formaat: Boek
Taal:Undetermined
Gepubliceerd in: Hà Nội Đại học Sư phạm Hà Nội 2004
Onderwerpen:
Tags: Voeg label toe
Geen labels, Wees de eerste die dit record labelt!
Thư viện lưu trữ: Trung tâm Học liệu Trường Đại học Cần Thơ
LEADER 00962nam a2200217Ia 4500
001 CTU_96628
008 210402s9999 xx 000 0 und d
020 |c 13000 
082 |a 515 
082 |b S312 
100 |a Hoàng, Xuân Sính 
245 0 |a Nhập môn toán cao cấp : 
245 0 |b Giáo trình cao đẳng sư phạm 
245 0 |c Hoàng Xuân Sính, Trần Phương Dung 
260 |a Hà Nội 
260 |b Đại học Sư phạm Hà Nội 
260 |c 2004 
520 |a Cung cấp một số kiến thức cần thiết cho việc học môn toán cao cấp như: tập hợp và logic, các cấu trúc đại số (nhóm, vành, trường), trường số phức và phân tích phân thức hữu tỷ trên trường số thực. 
650 |a Mathematical analysis 
904 |i Truc 
980 |a Trung tâm Học liệu Trường Đại học Cần Thơ